000 00436nam a22001217a 4500
008 160421b xxu||||| |||| 00| 0 eng d
020 _a 9780781737609
020 _a9780781737609
041 _aeng
080 _a618.2
245 _aNutrition diagnosis related care;
_cSylvia Escott Stump;
942 _2udc
_cBK
999 _c1491
_d1491